000 00488nam a2200181Ia 4500
003 GCL
008 140319s9999 xx 000 0 eng d
040 _aGCL /
_cGCL
082 0 4 _a332.6323
_bT R
100 1 _aJONES, MARK
245 1 0 _aTHE REUTERS GUIDE TO OFFICIAL INTEREST RATES /
_cJONES, MARK
700 1 _aFERRIS, KEN
260 _a[S.N] :
_bPROBUS PUBLISHING COMPANY ،
_c1995
300 _a196 P
650 0 4 _aINTEREST RATES FUTURES
650 0 4 _aECONOMICS
942 _2ddc
_cBK
999 _c12239
_d12239